[Event "GM Tournament Belgrade 2022"]
[Site "Belgrade"]
[Date "2022.03.07"]
[Round "2.5"]
[White "Abdusattorov, Nodirbek"]
[Black "Markus, Robert"]
[Result "1-0"]
[WhiteElo "2651"]
[BlackElo "2625"]
[Annotator "TA"]
[PlyCount "73"]
[EventDate "2022.03.06"]
[EventType "tourn"]
[EventCountry "SRB"]
[SourceTitle "playchess.com"]
[Source "ChessBase"]
[SourceQuality "1"]

{[%evp 17,73,0,6,15,13,4,13,5,27,0,15,11,7,5,6,0,0,4,74,55,61,46,77,63,87,83,156,177,184,195,187,182,186,208,186,197,201,185,314,333,333,306,322,295,271,199,809,966,966,966,921,921,893,869,854,785,29992,29993]} 1. e4 e6 2. d4 d5 3. e5 c5 4. c3 Nc6 5. Nf3 Bd7 6. Be2 Nge7 7. Na3 cxd4 8. cxd4 Nf5 9. Nc2 Be7 10. O-O {C02: French: Advance Variation.} O-O {10...0-0 is better than 10...Qb6.} 11. Bd3 f6 12. Bf4 {[#] The position is equal.} Be8 $146 ({Predecessor:} 12... g5 13. exf6 Bxf6 14. Be5 g4 15. Bxf6 Qxf6 16. Ne5 Nxe5 17. dxe5 Qg5 18. f4 gxf3 19. Rxf3 {1-0 (50) Zhigalko,S (2594)-Boyer,M (2295) Porticcio 2019}) 13. Qd2 Nh4 14. Nxh4 fxe5 {[#]} 15. dxe5 $1 Bxh4 16. b4 {[%cal Bb2b4,Bb4b5][%mdl 32]} a6 17. a4 Bd7 (17... Qc7 $11) 18. g3 $16 Be7 19. Qe2 {Strongly threatening b5.} g6 20. Qg4 {Black must now prevent b5. White stays focused until the end.} Rf7 (20... Nxb4 21. Bxg6 Rxf4 22. gxf4 (22. Qxf4 Qf8 $16) 22... Nxc2 23. Bxc2+ Kh8 24. Bxh7 $1 $18) (20... Bxb4 $2 21. Nxb4 Nxb4 22. Bxg6 $1 $18 {[%mdl 512]}) 21. b5 Nb4 (21... axb5 $142 22. axb5 Na5) 22. Nxb4 {White is more active.} Bxb4 {[#]} 23. h4 $1 Kh8 24. Rab1 Be7 25. bxa6 bxa6 26. Rfc1 a5 27. h5 gxh5 (27... g5 $142 28. Be3 h6) 28. Qxh5 $18 Qg8 {[#]} 29. Rb7 $1 Be8 {[#] ...Rxf4 is the strong threat.} 30. Qh3 $1 {[%cal Oc1c7] aiming for Rcc7!} Bd8 {Prevents Rcc7.} 31. Rcb1 {Hoping for Qh6.} Rxb7 $2 (31... Bc6 32. Rxf7 Qxf7) 32. Rxb7 Bg6 33. Bxg6 Qxg6 34. Bh6 Rc8 35. Bg7+ Kg8 36. Bf6 $1 Qf5 37. Qh6 {Weighted Error Value: White=0.05 (flawless) /Black=0.50} 1-0

[Event "GM Tournament Belgrade 2022"]
[Site "Belgrade"]
[Date "2022.03.08"]
[Round "3.1"]
[White "Markus, Robert"]
[Black "Sarana, Alexey"]
[Result "0-1"]
[WhiteElo "2625"]
[BlackElo "2685"]
[Annotator "TA"]
[PlyCount "146"]
[EventDate "2022.03.06"]
[EventType "tourn"]
[EventCountry "SRB"]
[SourceTitle "playchess.com"]
[Source "ChessBase"]
[SourceQuality "1"]

{[%evp 11,146,0,6,9,20,12,6,0,21,-3,24,19,49,0,21,17,31,18,68,0,0,0,0,0,0,-56,-52,-57,16,0,0,0,0,0,0,-158,-196,-179,-170,-472,-463,-513,-509,-512,-282,-275,-283,-283,-283,-276,-268,-242,-31,-46,0,0,0,8,0,0,0,-8,-8,-8,-8,-16,-14,-26,-17,-16,-18,-18,-19,-15,-8,-25,-25,-128,-99,-125,-8,-12,-8,-14,-8,-25,-45,-46,-11,-11,-11,-11,-8,-60,-60,-55,-27,-106,-106,-178,-165,-144,-106,-99,-99,-98,-8,-8,-8,-84,-45,-83,-45,-177,-100,-100,0,-75,0,-95,0,-46,-46,-48,-23,-194,-194,-212,-212,-412,-356,-765,-776,-731,-588,-4133,-3804]} 1. d4 Nf6 2. c4 e6 3. Nf3 d5 4. g3 Bb4+ 5. Bd2 Be7 6. Bg2 c6 7. O-O {E11: Bogo-Indian.} Nbd7 8. Qc2 b6 9. Rc1 {The position is equal.} Bb7 10. a4 {[#]} c5 $146 (10... a5 {feels hotter.} 11. cxd5 exd5 12. Nc3 O-O 13. Re1 Bb4) ({Predecessor:} 10... a5 11. cxd5 Nxd5 12. Na3 O-O 13. Qb3 c5 14. Nb5 cxd4 15. Nfxd4 Nc5 16. Qa2 Qd7 {0-1 (32) Georgiadis,N (2517)-Brkic,A (2573) Austria 2018}) 11. cxd5 Nxd5 12. dxc5 Bxc5 13. a5 bxa5 14. Bxa5 Qe7 ({Black should play} 14... Bb6 $11 15. Qb3 Rc8 16. Rxc8 Qxc8) 15. Nc3 ({White should try} 15. b4 $1 $14 Bd6 16. Nbd2) 15... Bxf2+ $11 16. Kxf2 Qc5+ 17. e3 Nxe3 18. Qd2 (18. Qe2 $1 $11 Nc2+ 19. Kf1 Ne3+ 20. Kf2 Nc4+ 21. Kf1 Ne3+ 22. Kf2) 18... Ng4+ $15 {[%mdl 1088] Discovered Attack (Double check). Black has compensation.} (18... Bxf3 $2 19. Ne4 $1 Ng4+ 20. Kxf3 Nde5+ 21. Ke2 Qb5+ 22. Kd1 $18) 19. Kf1 $1 {Hoping for Nd1.} (19. Ke1 $2 Bxf3 20. Bxf3 Qg1+ 21. Ke2 Qf2+ 22. Kd1 Ne3+ 23. Qxe3 Qxe3 $19) 19... Ba6+ (19... Nde5 $1 $15 20. Nd4 Nc4 $1) 20. Ke1 Nde5 21. Nd4 Nd3+ 22. Qxd3 $1 Bxd3 {The board is on fire.} 23. Nce2 (23. Bc6+ $1 $11 Ke7 24. Nd5+ Qxd5 25. Bxd5 exd5 26. Kd2) 23... Qd6 $1 $17 (23... Qh5 24. Bb4 (24. Bxa8 $2 O-O $17) 24... Bxe2 25. Nxe2 $11 (25. Bxa8 Bb5 $17)) 24. Bxa8 O-O $36 {[%mdl 2048] Black is in control.} 25. Bh1 (25. Bb7 {is more resistant.}) 25... e5 $1 $19 26. Ra3 exd4 27. Rxd3 Re8 28. Bc6 {[#]} Rxe2+ {[%mdl 576] Decoy} 29. Kxe2 Qe5+ 30. Kf3 Qf5+ 31. Ke2 Qf2+ (31... Nxh2 32. Bd5 $1 {[%mdl 512]} h5 33. Rc5 $14 (33. Rxd4 Ng4 $14)) (31... Qxa5 $19 32. Bf3 Qe5+ 33. Kf1 Qf5) 32. Kd1 $15 Qxb2 (32... Ne3+ $15 33. Rxe3 dxe3) 33. Bd2 $11 {Strongly threatening Bd5.} Nf2+ 34. Ke2 Nxd3 35. Kxd3 h5 36. Rc4 Qb1+ 37. Kxd4 Qg1+ 38. Be3 {This bishop pair is nice.} Qxh2 39. Be4 {[%cal Rc4c8]} Qb2+ 40. Kd3 {[%cal Rc4c8]} Qb3+ 41. Kd4 {[%cal Rc4c8]} Qd1+ 42. Kc3 {Intending Rc8+ and mate.} Qe1+ 43. Kd4 {[%cal Rc4c8]} g6 44. Bf4 (44. Rc8+ $11 Kh7 45. Rc5) 44... Qf2+ $1 $17 45. Kd5 Qa2 (45... h4 $1 $17 {[%cal Rh4g3]} 46. Rc8+ Kh7) 46. Kd4 Qa1+ 47. Kd5 Qd1+ 48. Rd4 Qb3+ 49. Kc5 Qc3+ 50. Rc4 Qf6 {And now ...h4 would win.} 51. Bd6 Kg7 52. Bd5 (52. Kc6 $11) 52... Qf2+ $15 53. Rd4 f6 54. Bb3 (54. Kc4 $11 {keeps the balance.}) 54... g5 $17 55. Kd5 (55. Kc4 $17) 55... Qf3+ 56. Kc4 Qe2+ 57. Kc3 a5 58. Bc2 Qf3+ (58... Qe6 $1 $17) 59. Kc4 $1 $11 Qf1+ 60. Kc3 (60. Bd3 $11 Qc1+ 61. Kd5) 60... Qa1+ 61. Kc4 Qc1 62. Kb3 (62. Kc3 $15) 62... Qe3+ (62... a4+ $19 63. Rxa4 Qe3+ 64. Kb2 (64. Kc4 $2 Qe6+ 65. Kc5 Qc8+ 66. Kb6 Qxc2 $19) 64... Qb6+ 65. Bb4 h4 66. gxh4 gxh4) 63. Kc4 $17 {[#]} Kf7 (63... Qe6+ $1 $17 64. Rd5 h4 65. gxh4 (65. Bf5 $2 Qe2+ 66. Rd3 h3 $19) 65... gxh4) 64. Bb3 (64. Re4 $11 {remains equal.} Qc1 65. Re7+ Kg8 66. Kd3) 64... Kg7 (64... h4 $5 65. gxh4 gxh4 $15) 65. Bc2 $1 {[#]} Qe2+ (65... Qe6+ $1 $17 66. Rd5 h4 67. gxh4 (67. Bf5 $2 Qe2+ 68. Rd3 h3 $19) 67... gxh4) 66. Kc3 $15 h4 67. gxh4 gxh4 {[%cal Bg5h4,Bh4h3][%mdl 32] ...h3 is the strong threat.} 68. Rd2 $2 (68. Re4 $11 {and White stays safe.} Qf3+ 69. Bd3) 68... Qe1 $19 69. Bf4 h3 70. Bf5 $2 (70. Bb3 {might work better.}) 70... a4 {[%cal Ba5a4,Ba4a3,Ba3a2][%mdl 32]} 71. Kc2 $2 (71. Bc2 a3 72. Bb3 (72. Kb3 $2 Qf1 $19)) 71... a3 {aiming for ...a2. Black is clearly winning.} 72. Rd7+ Kg8 {White must now prevent ...a2.} 73. Kb3 a2 {Weighted Error Value: White=0.29 (precise) /Black=0.24 (precise)} 0-1

[Event "GM Tournament Belgrade 2022"]
[Site "Belgrade"]
[Date "2022.03.08"]
[Round "3.2"]
[White "Nihal Sarin"]
[Black "Abdusattorov, Nodirbek"]
[Result "1-0"]
[WhiteElo "2656"]
[BlackElo "2651"]
[Annotator "TA"]
[PlyCount "131"]
[EventDate "2022.03.06"]
[EventType "tourn"]
[EventCountry "SRB"]
[SourceTitle "playchess.com"]
[Source "ChessBase"]
[SourceQuality "1"]

{[%evp 16,131,15,0,13,-2,0,0,21,11,13,5,21,14,20,15,52,22,37,21,35,26,42,28,37,37,36,25,51,32,39,39,58,8,11,18,17,5,22,0,21,20,44,45,52,52,52,57,57,58,59,59,59,60,81,81,89,96,96,85,113,113,448,434,496,481,500,496,482,482,468,172,464,464,440,437,391,336,357,349,361,355,612,605,598,590,539,537,731,907,881,842,785,772,763,702,671,655,595,0,351,0,573,556,943,814,1133,951,1550,1557,1327,715,702,567,6601,7445,4630,4622]} 1. c4 Nf6 2. g3 g6 3. b3 e5 4. Bb2 Nc6 5. Nf3 {[%cal Bg1f3,Bf3d2,Bd2e4,Be4c3,Bc3d5][%mdl 32]} d6 6. Bg2 Bg7 7. O-O O-O 8. d3 Re8 9. Nc3 Nd4 {A15: English Opening: 1...Nf6.} 10. Nd2 c6 11. e3 Nf5 {The position is equal.} 12. Nde4 h5 {[#]} 13. h3 $146 ({Predecessor:} 13. b4 Nh7 14. b5 c5 15. a4 h4 16. a5 Rb8 17. Qd2 Nh6 18. f4 hxg3 19. hxg3 {1-0 (45) Pedersen,F (2290)-Larsen,S (2290) Denmark 1996}) 13... Nh7 14. b4 {[%cal Bb3b4,Bb4b5][%mdl 32]} Be6 15. b5 c5 16. Nd5 Ne7 17. Nec3 Nxd5 18. Nxd5 ({Reject} 18. Bxd5 Bxh3 19. Bxb7 Bxf1 20. Bxa8 Qxa8 $15) 18... Qd7 19. Kh2 Ng5 {[%cal Re6h3]} 20. h4 Nh7 21. Rb1 Bg4 ({Resist} 21... Nf6 22. Nxf6+ Bxf6 23. Qf3 $16) 22. Qd2 Nf6 23. Nxf6+ Bxf6 24. Bd5 (24. a4 $14) 24... Be6 25. Bxe6 Qxe6 26. e4 Bg7 27. f4 exf4 28. Rxf4 Bxb2 (28... Be5 {keeps more tension.} 29. Rbf1 Re7 30. Rf6 Qd7 31. Qf2 a6) 29. Qxb2 Qe5 30. Qf2 Re7 31. Rf1 {[%cal Rf4f7]} Rf8 32. Rf6 {[%cal Of6g6]} Kg7 33. Kg2 Rd7 34. a4 {[%cal Ba2a4,Ba4a5][%mdl 32]} Qe7 {White stays focused until the end.} 35. a5 {White is more active.} Qe5 36. Qf3 Qe7 37. Rf2 Rh8 38. Qf4 {[%cal Oe4e5]} Rh7 $2 {[%mdl 8192] [#]} (38... b6 $16 {is a better chance.}) 39. e5 $1 $18 Qxe5 40. Rxf7+ Rxf7 41. Qxf7+ {[%mdl 4096] Endgame KQR-KQR} Kh6 42. Qf8+ Rg7 43. Qh8+ Rh7 44. Qxe5 dxe5 {KR-KR} 45. Rf8 Rd7 46. Rb8 g5 47. Kf2 Kg6 48. Ke3 ({Weaker is} 48. Rg8+ Rg7 49. Ra8 gxh4 $18) 48... Rg7 $2 (48... gxh4 49. gxh4 Kf6 50. Rf8+ Ke6) 49. Ra8 gxh4 50. gxh4 b6 51. axb6 axb6 52. Rb8 Kf5 53. Rxb6 Rg3+ 54. Kd2 e4 55. Rd6 Rg2+ 56. Ke3 Rg3+ 57. Kd2 Rg2+ 58. Ke3 $2 (58. Kc3) 58... Rg3+ {[#]} 59. Kf2 $1 {White is clearly winning.} Rf3+ 60. Ke2 {Black must now prevent dxe4+.} Rh3 61. Rd5+ Kf4 62. dxe4 Kxe4 63. Rxc5 {Strongly threatening b6.} Rh2+ 64. Ke1 {aiming for b6.} Rxh4 65. b6 {Threatening mate with b7.} Kd4 66. Rc7 {Weighted Error Value: White=0.25 (precise) /Black=0.29 (precise)} 1-0

[Event "GM Tournament Belgrade 2022"]
[Site "Belgrade"]
[Date "2022.03.08"]
[Round "3.3"]
[White "Maghsoodloo, Parham"]
[Black "Ivanisevic, Ivan"]
[Result "1-0"]
[WhiteElo "2701"]
[BlackElo "2599"]
[Annotator "TA"]
[PlyCount "69"]
[EventDate "2022.03.06"]
[EventType "tourn"]
[EventCountry "SRB"]
[SourceTitle "playchess.com"]
[Source "ChessBase"]
[SourceQuality "1"]

{[%evp 15,69,45,31,26,20,17,26,20,61,44,50,42,34,49,106,107,109,107,119,110,116,113,119,123,130,127,181,168,171,182,253,248,416,441,483,482,559,168,484,475,522,514,508,492,509,497,1070,1059,1035,1023,1196,1193,1188,1146,6065,5315]} 1. d4 d5 2. c4 e6 3. Nf3 Nf6 4. g3 c5 5. Bg2 cxd4 6. O-O Be7 7. Nxd4 O-O 8. cxd5 Nxd5 9. Qb3 {D02: 1 d4 d5 2 Nf3 sidelines, including 2...Nf6 3 g3 and 2...Nf6 3 Bf4.} Nc6 10. Nxc6 bxc6 11. e4 {[#] Strongly threatening Rd1. White has an edge.} Nb4 $146 (11... Nf6 $11 {deserves consideration.}) ({Predecessor:} 11... Nb6 12. Bf4 Ba6 13. Rc1 c5 14. Qa3 Bd3 15. b3 c4 16. Qb2 Bc5 17. Nc3 Qe7 {0-1 (68) Nguyen,P (2413)-Kotronias,V (2506) Zagreb 2019}) 12. Rd1 $14 Qb6 13. Be3 c5 $1 14. Nc3 Ba6 {Black is now going downhill.} (14... Rb8 $14) 15. Rd7 $16 Rfe8 16. Rad1 $36 {[%mdl 2048] White is on the roll.} Bf8 17. e5 {a3 is the strong threat.} Rad8 18. Be4 $1 {Inhibits Bd3.} Rxd7 19. Rxd7 Bc8 20. Rd2 {White is much more active.} Ba6 (20... Qa6 $16) 21. a3 Nd5 22. Qa4 (22. Bxd5 exd5 23. Qxb6 (23. Qxd5 Bb7 $11) 23... axb6 $16) 22... Nc7 (22... Rb8 $142) 23. b4 $18 (23. Rd7 $6 Rc8 $16) 23... Rc8 $2 (23... h6 {is a better defense.} 24. Rd7 Nb5) 24. bxc5 Bxc5 {[#]} 25. Qd7 $1 Nd5 26. Na4 $2 (26. Nxd5 exd5 27. Bxc5 (27. Bxd5 Rf8 $16) 27... Qxc5 {[#]} 28. Rc2 $1) 26... Qa5 (26... Qb5 27. Qxb5 Bxb5 28. Bxc5 (28. Nxc5 Nxe3 29. fxe3 f5 $16) 28... Bxa4 29. Bxa7 g5) 27. Nxc5 {White is clearly winning.} Nxe3 28. Nb3 {aiming for Qxc8+.} Qb6 29. Rd6 Qb8 30. fxe3 ({Weaker is} 30. Rxa6 Rd8 31. Qxd8+ (31. Rxa7 $2 Rxd7 32. Rxd7 g6 $19) 31... Qxd8 $16) 30... g6 (30... Bb5 $142 31. Qe7 h6) 31. Rxa6 Rd8 32. Qb7 Qxe5 33. Rxa7 Rd1+ 34. Kg2 Qb2+ 35. Kh3 {Weighted Error Value: White=0.19 (very precise) /Black=0.47} 1-0

[Event "GM Tournament Belgrade 2022"]
[Site "Belgrade"]
[Date "2022.03.08"]
[Round "3.4"]
[White "Navara, David"]
[Black "Ivic, Velimir"]
[Result "0-1"]
[WhiteElo "2697"]
[BlackElo "2607"]
[Annotator "TA"]
[PlyCount "68"]
[EventDate "2022.03.06"]
[EventType "tourn"]
[EventCountry "SRB"]
[SourceTitle "playchess.com"]
[Source "ChessBase"]
[SourceQuality "1"]

{[%evp 15,68,2,10,0,20,0,0,0,0,17,21,-8,0,-9,-25,-48,-43,-35,0,-82,-84,-58,-50,-72,-24,-24,-16,-11,-24,-35,0,-46,-42,-39,-40,-44,-44,-29974,-29975,-6379,-1427,-6379,-5768,-29986,-29986,-29992,-29991,-29991,-29992,-29992,-29993,-29994,-29995,-29995,-29996]} 1. e4 c5 2. Nf3 Nc6 3. Bb5 g6 4. O-O Bg7 5. c3 Nf6 6. Re1 O-O 7. d4 d5 8. e5 Ne4 9. Be3 {is more profitable than 9.Bxc6 at the moment. B31: Sicilian: 2...Nc6 3 Bb5 g6.} Qb6 10. Bxc6 bxc6 11. Qc1 {The position is equal.} c4 12. Nbd2 Nxd2 {[#]} 13. Qxd2 $146 {[%cal Ob2b3]} ({Predecessor:} 13. Nxd2 Bf5 14. b3 Qa6 15. Bg5 f6 16. Bf4 fxe5 17. Bxe5 Bh6 18. bxc4 dxc4 19. f4 {1-0 (47) Ju,W (2560)-Huang,R (2422) Xinghua 2020}) 13... Bf5 14. Bh6 {[%cal Ob2b3]} Rfb8 (14... Bxh6 $2 15. Qxh6 g5 16. Qxg5+ Bg6 17. b3 $18 (17. Qxe7 Qxb2 18. Qg5 Qc2 $18)) 15. Bxg7 Kxg7 16. Nh4 Bd3 ({Don't take} 16... Qxb2 17. Nxf5+ gxf5 18. Qg5+ Kh8 19. Qxe7 $16) (16... Be4 $5 {[%cal Rb6b2]} 17. b3 h6 $11) 17. b4 (17. b3 $1 $11 {remains equal.}) 17... a5 $17 {[%cal Ra5b4]} 18. a3 Ra7 19. g4 axb4 (19... Qd8 $17) 20. axb4 $11 Rba8 21. Rxa7 Qxa7 22. Ng2 Qa2 23. Qf4 (23. Qg5 $11 {feels stronger.} Re8 24. Qc1) 23... Qb2 $1 $36 {[%mdl 2048] Black has the initiative.} 24. e6 f6 {Active counter play!} 25. Qc7 Kf8 26. Qxc6 $2 {[%mdl 8192] [#] This move loses the game for White.} (26. h4 $15) 26... Ra2 27. Qxd5 Qxf2+ 28. Kh1 Kg7 {[%cal Bf8g7,Bg7h6,Bh6h5][%mdl 32] ( -> ...Bf1)} 29. Qb7 Kh6 {Black mates.} 30. h4 Bf1 31. Rxf1 Qxf1+ 32. Kh2 Qf2 33. g5+ Kh5 34. Qe4 f5 {Weighted Error Value: White=0.61/Black=0.05 (flawless)} 0-1

[Event "GM Tournament Belgrade 2022"]
[Site "Belgrade"]
[Date "2022.03.08"]
[Round "3.5"]
[White "Indjic, Aleksandar"]
[Black "Sjugirov, Sanan"]
[Result "1/2-1/2"]
[WhiteElo "2604"]
[BlackElo "2680"]
[Annotator "TA"]
[PlyCount "62"]
[EventDate "2022.03.06"]
[EventType "tourn"]
[EventCountry "SRB"]
[SourceTitle "playchess.com"]
[Source "ChessBase"]
[SourceQuality "1"]

{[%evp 9,62,0,8,-11,-10,-10,-4,-18,0,-8,-9,-10,-13,-18,-11,-16,-16,-31,35,36,40,18,23,16,16,16,16,16,16,0,0,0,0,0,0,-32,-32,-32,-10,0,0,0,0,-25,0,0,-2,-8,-5,-32,0,0,0,-33,0]} 1. d4 Nf6 2. Bg5 d5 3. Bxf6 exf6 4. e3 Be6 5. g3 c6 6. Bg2 {D00: 1 d4 d5: Unusual lines.} Bd6 7. Ne2 Nd7 {[%cal Bb8d7,Bd7f6,Bf6e4][%mdl 32]} 8. Nd2 {The position is equal.} f5 9. b3 Nf6 10. c4 Ne4 11. c5 Bc7 12. b4 {Prevents Ba5.} O-O 13. Nb3 {[#]} b5 $146 (13... a5 $15) ({Predecessor:} 13... Re8 14. a4 Qe7 15. O-O Bd7 16. Qd3 Qf6 17. Rfe1 Re7 18. f3 Ng5 19. h4 Ne6 {½-½ (42) Caro Rodriguez,J-Bauer,T ICCF email 2002}) 14. a4 $14 Qb8 15. f3 Nf6 16. Kf2 a6 17. Qd2 Re8 18. Ra3 Qd8 19. axb5 axb5 20. Rxa8 Qxa8 21. Ra1 Qd8 22. h4 Bd7 23. Nbc1 h6 24. Nd3 Qe7 25. Ra7 Bb8 26. Ra1 Bc7 27. Ra6 Kh7 28. Ra7 Bb8 29. Ra1 Bc7 30. Ra7 Bb8 31. Ra1 Bc7 {Weighted Error Value: White=0.07 (flawless) /Black=0.10 (very precise)} 1/2-1/2

[Event "GM Tournament Belgrade 2022"]
[Site "Belgrade"]
[Date "2022.03.09"]
[Round "4.1"]
[White "Sarana, Alexey"]
[Black "Sjugirov, Sanan"]
[Result "1/2-1/2"]
[WhiteElo "2685"]
[BlackElo "2680"]
[Annotator "TA"]
[PlyCount "61"]
[EventDate "2022.03.06"]
[EventType "tourn"]
[EventCountry "SRB"]
[SourceTitle "playchess.com"]
[Source "ChessBase"]
[SourceQuality "1"]

{[%evp 11,61,0,21,5,7,-12,11,14,25,19,12,12,24,14,29,25,18,16,23,13,15,12,8,10,33,18,16,0,0,0,0,0,0,0,0,0,0,0,0,0,0,0,0,0,0,0,0,0,0,0,0,0]} 1. d4 Nf6 2. c4 e6 3. Nc3 Bb4 4. Qc2 d5 5. a3 Bxc3+ 6. Qxc3 O-O 7. e3 {E36: Nimzo-Indian: Classical: 4...d5 5 a3.} b6 8. cxd5 exd5 9. Bd3 Ba6 10. Bxa6 Nxa6 11. Qc6 {[#]} Qe8 $146 ({Predecessor:} 11... Qd7 12. Qxd7 Nxd7 13. Ne2 c5 14. Bd2 Rac8 15. Rc1 Nc7 16. O-O Ne6 17. Bc3 c4 {½-½ (96) Nakamura,H (2736)-Grischuk,A (2764) Warsaw 2021}) 12. Qxe8 Rfxe8 13. Ne2 {[%cal Bg1e2,Be2d4,Bd4b5][%mdl 32]} c5 14. f3 cxd4 15. Nxd4 Nc5 16. Ke2 Ne6 {[#] Hoping for ...Nxd4+.} 17. Rd1 Rac8 18. Nb5 Rc5 {The position is equal.} 19. Nd6 Rd8 20. Nf5 g6 21. Nd4 Rdc8 22. Bd2 Nxd4+ 23. exd4 Rc2 24. Rab1 Nh5 25. Kd3 f6 26. Rdc1 Rxc1 27. Rxc1 Rxc1 28. Bxc1 Kf7 29. g4 Ng7 30. Bf4 Ke7 31. a4 {A balanced but interesting game.  Weighted Error Value: White=0.03 (flawless) /Black=0.04 (flawless)} 1/2-1/2

[Event "GM Tournament Belgrade 2022"]
[Site "Belgrade"]
[Date "2022.03.09"]
[Round "4.2"]
[White "Ivic, Velimir"]
[Black "Indjic, Aleksandar"]
[Result "1/2-1/2"]
[WhiteElo "2607"]
[BlackElo "2604"]
[Annotator "TA"]
[PlyCount "91"]
[EventDate "2022.03.06"]
[EventType "tourn"]
[EventCountry "SRB"]
[SourceTitle "playchess.com"]
[Source "ChessBase"]
[SourceQuality "1"]

{[%evp 9,91,11,22,25,14,10,28,18,23,11,19,13,20,11,16,0,14,-4,0,-16,-14,-18,0,-16,-16,-5,-10,-3,0,-58,0,-24,-24,-12,-14,-19,-16,-35,-12,-18,-18,-16,0,0,0,0,0,0,0,0,0,0,0,-13,-12,-16,-7,-8,0,0,0,0,4,-2,-2,-11,-4,-18,-18,-20,-10,-20,-20,-19,-10,-29,-21,-25,-12,-21,0,-33,0,-14]} 1. e4 e5 2. Nf3 Nc6 3. Bc4 Nf6 4. d3 Bc5 5. c3 a5 6. O-O {Threatens to win with d4. C54: Giuoco Piano: 4 c3 Nf6, main lines with 5 d4 and 5 d3.} d6 7. Re1 Ba7 8. Nbd2 {White has an edge.} O-O 9. h3 Be6 10. Bb5 {[%cal Bc4b5,Bb5a4,Ba4c2][%mdl 32]} Ne7 11. d4 Ng6 12. Nf1 c6 13. Ba4 exd4 14. Nxd4 d5 15. exd5 $1 Nxd5 16. Ng3 Qc7 17. Bc2 {[#]} Rad8 $146 ({Predecessor:} 17... Rae8 18. Bg5 Ndf4 19. Qd2 Bd5 20. Rxe8 Rxe8 21. Re1 Rxe1+ 22. Qxe1 Ne6 23. Be3 Bxd4 24. cxd4 {0-1 (51) Grandelius,N (2687)-Hovhannisyan,R (2630) Reykjavik 2019}) 18. Bg5 {[#] And now Bxg6 would win.} Rd7 19. Qd2 ({White should try} 19. Nge2 $11) 19... Nb4 20. Bf5 ({But not} 20. cxb4 Bxd4 21. Bxg6 Qxg3 $17) ({Don't go for} 20. Nxe6 $2 fxe6 21. Qxd7 Bxf2+ 22. Kh1 Qxd7 $19) 20... Bxd4 21. cxd4 Bxf5 22. Nxf5 {[%cal Og5f6]} Nd5 {Inhibits Bf6.} 23. Qe2 h6 24. Bd2 Nde7 25. Nxe7+ Nxe7 26. Qg4 {[%cal Od2a5]} f5 27. Qf3 Nd5 28. Re5 Rdf7 29. Rae1 Qb6 30. Bc3 Qb5 31. b3 a4 32. Bd2 axb3 33. axb3 Qa6 34. Re6 Qa7 35. Qd3 Qb8 36. Qc4 Rf6 37. R6e5 Kh7 38. b4 b5 39. Qd3 Kh8 40. Qc2 Qa7 41. Qd3 Qd7 42. Qb3 Qd6 43. Qb1 Nc7 44. Qd3 Nd5 45. Qb1 Nc7 46. Qd3 {An even fight not without its subleties.  Weighted Error Value: White=0.08 (flawless) /Black=0.06 (flawless)} 1/2-1/2

[Event "GM Tournament Belgrade 2022"]
[Site "Belgrade"]
[Date "2022.03.09"]
[Round "4.3"]
[White "Ivanisevic, Ivan"]
[Black "Navara, David"]
[Result "0-1"]
[WhiteElo "2599"]
[BlackElo "2697"]
[Annotator "TA"]
[PlyCount "98"]
[EventDate "2022.03.06"]
[EventType "tourn"]
[EventCountry "SRB"]
[SourceTitle "playchess.com"]
[Source "ChessBase"]
[SourceQuality "1"]

{[%evp 11,98,0,7,0,-12,-12,9,7,25,7,6,3,10,0,-10,-27,2,2,10,9,11,0,0,0,7,0,0,-18,0,-12,-18,-13,-10,-20,0,0,0,0,19,0,-3,-34,-18,-35,-20,-81,-79,-80,-81,-91,-84,-135,-135,-138,-145,-144,-139,-142,-141,-163,-163,-220,-221,-220,-162,-276,-263,-293,-293,-449,-438,-454,-454,-498,-425,-497,-448,-694,-698,-697,-692,-627,-610,-29980,-29981,-29989,-29990,-29990,-571]} 1. d4 Nf6 2. c4 e6 3. Nc3 Bb4 4. e3 O-O 5. Bd3 d5 6. cxd5 exd5 7. a3 {E48: Nimzo-Indian: Rubinstein: 5 Bd3 d5 including 6 Ne2, but excluding 6 a3.} Bd6 8. Qc2 {[#] outshines the older 8.Nge2.} c5 $146 ({Predecessor:} 8... c6 9. Nge2 Re8 10. Bd2 b6 11. O-O Ba6 12. Kh1 c5 13. Rad1 g6 14. Qb1 Bb7 {1-0 (64) Aronian,L (2772)-Vidit,S (2727) Berlin 2022}) 9. dxc5 {The position is equal.} Bxc5 10. Nf3 (10. b4 $5 {[%cal Rb4c5]} Bd6 11. Nb5 $11) 10... Nc6 {[%cal Bb8c6,Bc6a5,Ba5c4][%mdl 32]} 11. b4 Bb6 12. b5 Na5 13. Na4 Bg4 14. Nxb6 Qxb6 15. Nd4 Rac8 16. Qb1 Bh5 17. O-O Nc4 18. Ra2 Bg6 19. Bf5 a5 {[%cal Ba7a5,Ba5a4][%mdl 32]} 20. Qa1 Bxf5 21. Nxf5 Qe6 {To avoid Ne7+} ({Don't play} 21... Qxb5 22. Ne7+ Kh8 23. Bb2 $18) 22. Nd4 Qe4 23. Rd1 a4 24. h3 Nd7 {[%cal Bf6d7,Bd7c5,Bc5e4][%mdl 32]} 25. Ne2 Nc5 26. Nc3 {[%csl LRd5,LRe4]} Qe6 27. Qb1 Ne4 {To avoid Bd2. Pair of Knights!} 28. Nxa4 {[#]} (28. Nxe4 $11 Qxe4 29. Bd2) 28... Nb6 $1 $17 {Black is much more active. Black continues to play with concentration.} 29. Nxb6 Nc3 30. Qb3 Qxb6 31. Rad2 ({Better is} 31. a4) 31... Nxd1 32. Rxd1 Qc5 33. Bb2 Qc2 $36 {[%mdl 2048] White is under strong pressure.} 34. Qxc2 Rxc2 {[%mdl 4096] Endgame KRR-KRB} 35. Be5 Rfc8 36. Rd3 (36. Rxd5 $142 R2c5 37. Rxc5 Rxc5 38. Bd6 Rxb5 39. Bb4) 36... f6 $19 37. Bd6 Kf7 38. b6 (38. Rxd5 $142 Ke6 39. Rd4) 38... R8c6 {[%csl LRb6,LRd6]} 39. Bc7 Ke6 40. e4 (40. g4 $142) 40... dxe4 41. Rd8 Ra2 42. Re8+ Kd7 43. Rd8+ Ke7 {Hoping for ...Rc1+.} 44. Rb8 (44. Rd1 $142) 44... e3 45. fxe3 Rcc2 46. Rxb7 Rxg2+ 47. Kf1 Ke6 {Black mates.} 48. Rb8 Rgf2+ 49. Ke1 Rfb2 {Weighted Error Value: White=0.45/Black=0.07 (flawless)} (49... Kd5 $142 50. Re8 Rfb2 51. Rd8+ Ke4 52. Rd1 Rf2 53. Rd4+ Kxe3 54. Re4+ Kxe4 55. Bg3 {[#]} Kd3 $1 {[%mdl 512]} 56. h4 Rfe2+ 57. Kf1 Ra1+ 58. Be1 Raxe1#) 0-1